Statistics for Movie Quotes

Click here to take the quiz!

General Stats

  • This quiz has been taken 15 times
    (9 since last reset)
  • The average score is 12 of 50

Answer Stats

HintAnswer% Correct
I’m gonna make him an offer he can’t refuse.The Godfather
71%
Ever dance with the devil in the pale moonlight?Batman
57%
Rosebud.Citizen Kane
57%
I’m funny how, I mean funny like I’m a clown, I amuse you?Goodfellas
57%
What’s in the box?Seven
57%
We are the knights who say…ni!Monty Python and the Holy Grail
43%
You talking to me?Taxi Driver
43%
You’ve always been the caretaker here.The Shining
43%
It rubs the lotion on its skin or else it gets the hose again.The Silence of the Lambs
43%
Good afternoon, good evening, and good night.The Truman Show
43%
I was cured, all right.A Clockwork Orange
29%
The horror, the horror.Apocalypse Now
29%
Did you bring your rollerblades?Barbie
29%
(Repeated) It’s not your fault. It’s not your fault. It’s not your fault.Good Will Hunting
29%
You know something Utivich? I think this just might be my masterpiece.Inglourious Basterds
29%
They’re coming to get you, Barbara.Night of the Living Dead
29%
That rug really tied the room together.The Big Lebowski
29%
Choose life. Choose a job. Choose a career.Trainspotting
29%
Remember, remember, the fifth of November.V for Vendetta
29%
That must be Nigel with the Brie.10 Things I Hate About You
14%
I’m sorry Dave. I’m afraid I can’t do that.2001 A Space Odyssey
14%
KANEDA!!! TETSUO!!!Akira
14%
Look at the subtle off-white coloring. The tasteful thickness of it. Oh my god, it even has a watermark.American Psycho
14%
(Song lyrics) Pop. Six. Squish. Uh-uh. Cicero. Lipschitz.Chicago
14%
Do you like pineapple?Chungking Express
14%
It was like a message from god. “Honesty doesn’t pay, sucker.”City of God
14%
When there’s no more room in hell, the dead will walk the earth.Dawn of the Dead
14%
I like the way you die, boy.Django Unchained
14%
We must not allow a mineshaft gap!Doctor Strangelove
14%
You’re darn tootin’!Fargo
14%
You met me at a very strange time in my life.Fight Club
14%
Hi, Joker.Full Metal Jacket
14%
I would’ve voted for Obama a third term, if I could.Get Out
14%
What we do in life echoes in eternity.Gladiator
14%
I love my dead, gay son!Heathers
14%
Silly rabbit, tricks are for kids.Kill Bill
14%
No Jamal, you be trippin’.La La Land
14%
The greatest thing you’ll ever learn is just to love and be loved in return!Moulin Rouge
14%
What’s the most you ever lost on a coin toss?No Country for Old Men
14%
What’s a bad miracle?Nope
14%
PC load letter? What the f*** does that mean?Office Space
14%
Even though I’m no better than a beast, don’t I have the right to live?Oldboy
14%
There’s room to move as a fry cook, man.Repo Man
14%
Let me tell you what “Like a Virgin” is about.Reservoir Dogs
14%
Bread makes you fat?Scott Pilgrim
14%
Hark! Let Neptune strike ye dead, Winslow!The Lighthouse
14%
I would like, if I may, to take you on a strange journey.The Rocky Horror Picture Show
14%
You’re tearing me apart, Lisa!The Room
14%
Why don’t we just…wait here for a little while? See what happens.The Thing
14%
Were you rushing or were you dragging?Whiplash
14%

Score Distribution

Percentile by Number Answered

Percent of People with Each Score

Your Score History

You have not taken this quiz since the last reset